[Event "Open"]
[Site "Miami USA"]
[Date "2008.09.11"]
[Round "2"]
[White "Robson,R"]
[Black "Friedel,J"]
[Result "1-0"]
[WhiteElo "2441"]
[BlackElo "2524"]

1.e4 c5 2.Nf3 e6 3.d4 cxd4 4.Nxd4 a6 5.Bd3 Bc5 6.Nb3 Ba7 7.Nc3 Nc6 8.Qg4 Nf6
9.Qg3 d6 10.Bg5 h6 11.Bd2 Nh5 12.Qf3 Qh4 13.g3 Ne5 14.Qe2 Qg4 15.O-O-O Nf6
16.f4 Qxe2 17.Bxe2 Neg4 18.Be1 g5 19.Kb1 Be3 20.e5 dxe5 21.h3 Nf2 22.Bxf2 Bxf2
23.fxg5 hxg5 24.Rhf1 Bxg3 25.Rxf6 Bf4 26.Ne4 Ke7 27.Na5 Rh7 28.Nc4 Bd7 29.Rxd7+ Kxd7
30.Nb6+ Ke7 31.Nxa8 Rxh3 32.a3 Rh2 33.Bd3 g4 34.Nb6 g3 35.Nc8+ Kd8 36.Rxf7 Kxc8
37.Nd6+ Kd8 38.Nxb7+ Kc8 39.Nd6+ Kd8 40.Be4 Rd2 41.Nb7+ Ke8 42.Bg6 g2 43.Rxf4+ Kd7
44.Rg4 Rd1+ 45.Ka2 g1=Q 46.Rxg1 Rxg1 47.Be4 Re1 48.b4  1-0

[Event "I Liga Seniorow"]
[Site "Ustron POL"]
[Date "2008.09.11"]
[Round "6"]
[White "Murawski,G"]
[Black "Stachowiak,K"]
[Result "0-1"]
[WhiteElo "2304"]
[BlackElo "2341"]

1.e4 c5 2.Nf3 e6 3.d4 cxd4 4.Nxd4 a6 5.Bd3 Nf6 6.O-O Qc7 7.Nc3 d6 8.Kh1 Nbd7
9.f4 b5 10.Qe1 Bb7 11.a3 Be7 12.Be3 Rc8 13.Bg1 h5 14.Qg3 h4 15.Qh3 g6 16.Rae1 e5
17.Nde2 Nc5 18.Bxc5 Qxc5 19.fxe5 dxe5 20.Nd5 Nxd5 21.exd5 Bxd5 22.Nc3 Be6
23.Qf3 f5 24.h3 O-O 25.Qb7 Qd6 26.Rd1 Rc7 27.Qf3 Qc6 28.Qe3 Bf6 29.Qh6 Rh7
30.Qe3 e4 31.Be2 Rc7 32.Qh6 Bf7 33.Rd2 Rd8 34.Rfd1 Rcd7 35.Qe3 Rxd2 36.Rxd2 Rxd2
37.Qxd2 Kg7 38.Nd1 Qc5 39.c3 Qe5 40.a4 Qg3 41.Ne3 Qf2 42.axb5 axb5 43.Nf1 Qc5
44.Qe3 Qc6 45.Qa7 f4 46.Qb8 f3 47.Bxb5 Qd5 48.Ne3 fxg2+ 49.Nxg2 Qf5 50.Qb7 Qxh3+
51.Kg1 Qe6 52.Qd7 Qe5 53.Be2 Qg5 54.Qg4 Qc5+ 55.Kf1 Qf5+ 56.Kg1 Be6 57.Qxf5 gxf5
58.Nf4 Bb3 59.Kg2 Be5 60.Nh3 Kf6 61.Ng1 f4 62.Kh3 Kg5 63.Bg4 Bc4 64.Be2 Bxe2
65.Nxe2 f3 66.Nc1 Kf4 67.Na2 e3 68.Nb4 Ke4  0-1

[Event "II ROMGAZ Open"]
[Site "Bucharest ROU"]
[Date "2008.09.12"]
[Round "2"]
[White "De Groote,E"]
[Black "Neverov,V"]
[Result "1-0"]
[WhiteElo "2251"]
[BlackElo "2573"]

1.e4 c5 2.Nf3 e6 3.d4 cxd4 4.Nxd4 a6 5.Bd3 Qc7 6.Qe2 Bc5 7.Nb3 Be7 8.O-O d6
9.f4 Nd7 10.Bd2 Ngf6 11.c4 b6 12.Nc3 Bb7 13.Rae1 h5 14.Nd1 O-O-O 15.Nf2 Nc5
16.Bb1 g6 17.Nc1 e5 18.b4 Ne6 19.Ncd3 Nd4 20.Qe3 Kb8 21.Rc1 Ng4 22.Nxg4 hxg4
23.c5 f6 24.c6 Bxc6 25.b5 axb5 26.Nb4 Qb7 27.Bc3 d5 28.fxe5 Bxb4 29.Bxd4 fxe5
30.Bxe5+ Bd6 31.exd5 Bxd5 32.Rfd1 Bxe5 33.Qxe5+ Ka8 34.Rxd5 Rxd5 35.Qxh8+ Ka7
36.Be4 Qe7 37.Re1 Rd8 38.Qc3 b4 39.Qc6 Qc5+ 40.Qxc5 bxc5 41.Bxg6 Kb6 42.Bf7 Rd4
43.Rc1 Kb5 44.Be8+ Kb6 45.Rc2 c4 46.Kf2 Kc5 47.Kg3 c3 48.Ba4 Kc4 49.Rf2 Kd3
50.Bb5+ Ke4 51.Rf4+ Ke3 52.Rxd4 Kxd4 53.Ba4 Kd3 54.Kxg4 c2 55.Bxc2+ Kxc2
56.h4  1-0

[Event "II ROMGAZ Open"]
[Site "Bucharest ROU"]
[Date "2008.09.12"]
[Round "2"]
[White "Gurbanzade,E"]
[Black "Manolache,M"]
[Result "0-1"]
[WhiteElo "2193"]
[BlackElo "2521"]

1.e4 c5 2.Nf3 e6 3.d4 cxd4 4.Nxd4 a6 5.Bd3 Qc7 6.O-O Nf6 7.Be3 Nc6 8.Nxc6 bxc6
9.c4 Rb8 10.Nd2 h5 11.h3 c5 12.f4 d6 13.b3 Bb7 14.Qc2 Be7 15.Nf3 Rd8 16.e5 dxe5
17.fxe5 Ng4 18.hxg4 hxg4 19.Be4 gxf3 20.Bxb7 Qxe5 21.Bc6+ Kf8 22.Kf2 fxg2
23.Bxg2 Rh2 24.Rae1 Rd4 25.Bxd4 Qxd4+ 26.Kf3 Qf6+ 27.Ke3 Qg5+ 28.Kf3 f5 29.Rf2 Qg4+
30.Ke3 Bg5+ 31.Kd3 Rxg2 32.Ref1 Qe4+  0-1

[Event "3rd PGMA Cup"]
[Site "Manila PHI"]
[Date "2008.09.12"]
[Round "9"]
[White "Gomez,Joh"]
[Black "Wang Li"]
[Result "1/2-1/2"]
[WhiteElo "2457"]
[BlackElo "2392"]

1.e4 c5 2.Nf3 e6 3.d4 cxd4 4.Nxd4 a6 5.Bd3 d5 6.exd5 Qxd5 7.O-O Nd7 8.Be3 Bc5
9.c3 Ngf6 10.b4 Be7 11.Nd2 O-O 12.Re1 Qd6 13.Rc1 Qc7 14.Bg5 Re8 15.Qf3 Nf8
16.Nc4 Nd5 17.Bxe7 Rxe7 18.Be4 Qxc4 19.Bxd5 Qc7 20.Bb3 Bd7 21.c4 Rd8 22.c5 Ng6
23.a4 Bxa4 24.Nxe6 Rxe6 25.Bxa4 Rxe1+ 26.Rxe1 a5 27.h4 Nxh4 28.Qg3 Qxg3 29.fxg3 Ng6
30.bxa5 Rd5 31.Rc1 Nf8 32.Bb3 Re5 33.a6 bxa6 34.c6 Re8 35.Bc4 Rc8 36.Bxa6 Rc7
37.Kf2 Ne6 38.Ke3 Kf8 39.Ke4 Ke7 40.Kd5 Ra7 41.Bb5 Ra5 42.Rb1 Ra2 43.Bf1 Ra5+
44.Bb5 Ra2 45.Ke4 Kd6  1/2-1/2

[Event "TCh-SRB 1st League"]
[Site "Subotica SRB"]
[Date "2008.09.12"]
[Round "11"]
[White "Naiditsch,A"]
[Black "Predojevic,B"]
[Result "1-0"]
[WhiteElo "2665"]
[BlackElo "2634"]

1.e4 c5 2.Nf3 e6 3.d4 cxd4 4.Nxd4 a6 5.Bd3 Nf6 6.O-O Qc7 7.Kh1 Bc5 8.Nb3 Be7
9.f4 d6 10.c4 b6 11.Nc3 Bb7 12.Bd2 O-O 13.Qe2 Nbd7 14.Rae1 g6 15.Nd4 Rfe8
16.Nf3 Rad8 17.b4 Bf8 18.a3 Bg7 19.Qf2 Nh5 20.Rc1 Qb8 21.f5 Rc8 22.Ng5 Ne5
23.Be2 Nf6 24.Qh4 Qc7 25.c5 bxc5 26.bxc5 exf5 27.c6 h6 28.cxb7 Qxb7 29.exf5 hxg5
30.Bxg5 Nh7 31.f6 Nxg5 32.fxg7 Nh7 33.Ne4  1-0

[Event "3rd XtraCon EMT"]
[Site "Borup DEN"]
[Date "2008.09.13"]
[Round "8"]
[White "Hammer,J"]
[Black "Kulaots,K"]
[Result "1/2-1/2"]
[WhiteElo "2494"]
[BlackElo "2531"]

1.e4 c5 2.Nf3 e6 3.d4 cxd4 4.Nxd4 a6 5.Bd3 Nf6 6.O-O Qc7 7.Qe2 d6 8.b3 g6
9.Bb2 Bg7 10.c4 O-O 11.Nc3 Nbd7 12.Rad1 b6 13.Rfe1 Bb7 14.Bb1 Rad8 15.Nf3 Nc5  1/2-1/2

[Event "DMP Ekstraliga"]
[Site "Karpacz POL"]
[Date "2008.09.13"]
[Round "8"]
[White "Sendera,J"]
[Black "Warakomska,A"]
[Result "1-0"]
[WhiteElo "2340"]
[BlackElo "2211"]

1.e4 c5 2.Nf3 e6 3.d4 cxd4 4.Nxd4 a6 5.Bd3 Nf6 6.O-O Qc7 7.c4 Be7 8.Nc3 O-O
9.Qe2 d6 10.f4 Nbd7 11.Kh1 b6 12.Bd2 g6 13.Rae1 e5 14.Nf3 exf4 15.Bxf4 Bb7
16.Nd5 Nxd5 17.exd5 Bf6 18.Qf2 Rae8 19.h4 Bg7 20.Qg3 Ne5 21.Bxe5 dxe5 22.h5 Qd8
23.hxg6 hxg6 24.Ng5 e4 25.Rxe4 Bf6 26.Rxe8 Rxe8 27.Nxf7 Kxf7 28.Qxg6+ Ke7
29.Qxf6+ Kd7 30.Bf5+ Kc7 31.Qxd8+ Rxd8 32.Be6 Kd6 33.Rf7 Ba8 34.b4 Ke5 35.Rd7 Rxd7
36.Bxd7 b5 37.cxb5 axb5 38.Bc6  1-0

[Event "4th Pichay Cup"]
[Site "Manila PHI"]
[Date "2008.09.14"]
[Round "1"]
[White "Wang Li"]
[Black "Ghaem Maghami,E"]
[Result "1/2-1/2"]
[WhiteElo "2392"]
[BlackElo "2597"]

1.e4 c5 2.Nf3 e6 3.d4 cxd4 4.Nxd4 a6 5.Bd3 Nf6 6.O-O d6 7.c4 Be7 8.Nc3 O-O
9.Be3 Nc6 10.Rc1 Bd7 11.f3 Rc8 12.b3 Nxd4 13.Bxd4 Qa5 14.Qe2  1/2-1/2

[Event "4th Pichay Cup"]
[Site "Manila PHI"]
[Date "2008.09.14"]
[Round "1"]
[White "Wen Yang"]
[Black "Jia Haoxiang"]
[Result "1-0"]
[WhiteElo "2487"]
[BlackElo "2303"]

1.e4 c5 2.Nf3 e6 3.d4 cxd4 4.Nxd4 a6 5.Bd3 Nf6 6.Nc3 Qc7 7.O-O Bc5 8.Nb3 Be7
9.Bg5 d6 10.Kh1 Nbd7 11.f4 b5 12.a4 b4 13.Na2 a5 14.c3 Qb8 15.Nd4 Bb7 16.cxb4 Nxe4
17.Bxe7 Kxe7 18.bxa5 Rxa5 19.b4 Ra8 20.b5 Ndc5 21.Nb4 Kf8 22.Ndc6 Bxc6 23.Nxc6 Qc7
24.f5 e5 25.Bxe4 Nxe4 26.Qd5 Nf6 27.Qc4 Rc8 28.a5 h5 29.Rfc1 Qb7 30.a6 Qb6
31.a7 Ra8 32.Qb4 Kg8 33.Qa5 Qe3 34.Qa3 Qf2 35.Rf1 Qb6 36.Qa6 Qc5 37.Rac1 Qe3
38.b6  1-0

[Event "4th Pichay Cup"]
[Site "Manila PHI"]
[Date "2008.09.15"]
[Round "2"]
[White "Yu Lie"]
[Black "Wang Xiaohui"]
[Result "0-1"]
[WhiteElo "2377"]
[BlackElo "2215"]

1.e4 c5 2.Nf3 e6 3.d4 cxd4 4.Nxd4 a6 5.Bd3 d5 6.exd5 Qxd5 7.O-O Nd7 8.Be3 Ngf6
9.c4 Qa5 10.Nc3 Bd6 11.f4 Qc7 12.Qf3 O-O 13.Rad1 Bb4 14.Nce2 b6 15.a3 Bb7
16.Qh3 Be7 17.Nc3 Rad8 18.Bb1 Qxc4 19.Rc1 Qc7 20.Ne4 Qb8 21.Ng5 h6 22.Rce1 Bc5
23.b4 Bxd4 24.Bxd4 Rfe8 25.Re3 Qd6 26.Be5 Qd2 27.Rf2 Qd1+ 28.Rf1 Qg4 29.Bh7+ Kh8
30.Nxf7+ Kxh7 31.Nxd8 Qxh3 32.Rxh3 Rxd8 33.Bd4 b5 34.Re3 Bd5 35.h3 Rc8 36.Rc3 Rxc3
37.Bxc3 Ne4 38.Rc1 Nb6 39.Bd4 Nc4 40.Rc2 g5 41.fxg5 hxg5 42.Rc1 Kg6 43.Rf1 Nxa3
44.Rf8 Nc2 45.Rg8+ Kf7 46.Rg7+ Kf8 47.Bb2 Nxb4 48.Ra7 Nd3 49.Bg7+ Kg8 50.Kf1 Ng3+
51.Kg1 b4 52.Ba1 b3 53.Rxa6 b2 54.Bxb2 Nxb2 55.Kf2 Nf5 56.g4 Nd3+ 57.Kg1 Nh4
58.Ra7 Nf4 59.Kf2 Nxh3+ 60.Ke3 Ng6 61.Ra1 Ne5 62.Kd4 Nxg4 63.Ra3 Nf4 64.Kc5 Nf6
65.Kd6 Kf7 66.Ra4 Kg6 67.Ke5 Ng4+ 68.Kd6 Kf5 69.Ra3 Ne5 70.Kc5 g4 71.Kd4 Nf3+
72.Ke3 g3 73.Ra7 g2 74.Rg7 Ng6  0-1

[Event "4th Pichay Cup"]
[Site "Manila PHI"]
[Date "2008.09.15"]
[Round "2"]
[White "Yap,K"]
[Black "Wang Li"]
[Result "1/2-1/2"]
[WhiteElo "2321"]
[BlackElo "2392"]

1.e4 c5 2.Nf3 e6 3.d4 cxd4 4.Nxd4 a6 5.Bd3 d5 6.exd5 Qxd5 7.O-O Nd7 8.Be3 Bc5
9.Be2 Ngf6 10.c4 Qd6 11.a3 Qc7 12.b4 Be7 13.Nc3 O-O 14.c5 Rd8 15.Qb3 Ne5
16.h3 Ng6 17.Bc4 Ne5 18.Be2 Ng6 19.Bc4 Ne5  1/2-1/2

[Event "58th ch-HUN KO"]
[Site "Nyiregyhaza HUN"]
[Date "2008.09.15"]
[Round "2.1"]
[White "Balogh,C"]
[Black "Sax,G"]
[Result "1/2-1/2"]
[WhiteElo "2624"]
[BlackElo "2506"]

1.e4 c5 2.Nf3 e6 3.d4 cxd4 4.Nxd4 a6 5.Bd3 g6 6.O-O Bg7 7.Nb3 d5 8.exd5 exd5
9.Nc3 Nc6 10.Re1+ Nge7 11.Bg5 h6 12.Bh4 O-O 13.Qd2 Qd6 14.Bg3 Qd8 15.Rad1 d4
16.Ne2 Nf5 17.Be4 Re8 18.Bxc6 bxc6 19.c3 Be6 20.Nexd4 Nxd4 21.cxd4 Bxb3 22.Rxe8+ Qxe8
23.axb3 Rd8 24.Qe3 Qd7 25.Be5 Bxe5 26.Qxe5 Qd5 27.Qxd5 Rxd5 28.Kf1 c5 29.Ke2 cxd4
30.Kd3 Rh5 31.h3 Rg5 32.g3 Rf5 33.f4 g5 34.Rf1 Rb5 35.Kc4 d3 36.fxg5 Rxg5
37.g4 h5 38.Kxd3  1/2-1/2

[Event "II ROMGAZ Open"]
[Site "Bucharest ROU"]
[Date "2008.09.16"]
[Round "6"]
[White "Zubarev,Al1"]
[Black "Neverov,V"]
[Result "1/2-1/2"]
[WhiteElo "2517"]
[BlackElo "2573"]

1.e4 c5 2.Nf3 e6 3.d4 cxd4 4.Nxd4 a6 5.Bd3 Bc5 6.Nb3 Be7 7.Be3 Nf6 8.f4 b5
9.N1d2 Bb7 10.Qe2 d6 11.O-O-O Nbd7 12.g4 Nc5 13.Nxc5 dxc5 14.c4 Qc7 15.e5 bxc4
16.Nxc4 Nd5 17.Bd2 Nb4 18.Be4 O-O 19.Kb1 Rad8 20.Bc3 Bc6 21.Qf3 Rxd1+ 22.Rxd1 Rd8
23.Rxd8+ Qxd8 24.Bxc6 Nxc6 25.b3 Qd7 26.Kc2 f6 27.Qd3 Qb7 28.f5 Nd8 29.exf6 gxf6
30.Ne3 Qc7 31.Qxa6 Qxh2+ 32.Bd2 Qe5 33.a4 h5 34.gxh5 exf5 35.Qc4+ Ne6 36.Qd5 f4
37.Qxe5 fxe5 38.Nd5 Bd6 39.a5 Kg7 40.a6 Bb8 41.Kd3 Kh6 42.Bc3 Nd4 43.Bxd4 cxd4
44.Nf6 f3 45.Ng4+ Kxh5 46.Nxe5 Bxe5 47.a7 f2 48.Ke2 d3+ 49.Kxf2 Bd4+ 50.Ke1 Bxa7  1/2-1/2

[Event "II ROMGAZ Open"]
[Site "Bucharest ROU"]
[Date "2008.09.16"]
[Round "6"]
[White "Kurnosov,I"]
[Black "Manolache,M"]
[Result "1/2-1/2"]
[WhiteElo "2617"]
[BlackElo "2521"]

1.e4 c5 2.Nf3 e6 3.d4 cxd4 4.Nxd4 a6 5.Bd3 Bc5 6.Nb3 Be7 7.Qg4 g6 8.Qe2 d6
9.a4 Nc6 10.O-O Ne5 11.a5 Nf6 12.Bh6 Nfg4 13.Bd2 O-O 14.Nc3 Bd7 15.Na4 Nxd3
16.cxd3 Ne5 17.f4 Bxa4 18.Rxa4 b5 19.Raa1 Nc6 20.Rac1 Rc8 21.f5 Bf6 22.fxe6 fxe6
23.Qg4 Qd7 24.Bh6 Bxb2 25.Rxf8+ Rxf8 26.Rxc6 Qxc6 27.Bxf8 Kxf8 28.Qxe6 Be5
29.g3 Qc3 30.Qd5 Qe1+ 31.Kg2 Qe2+ 32.Kg1 Kg7 33.Qe6 Qe1+ 34.Kg2 Qe2+ 35.Kg1 h5
36.d4 Qe1+ 37.Kg2 Qe2+ 38.Kg1 Bf6 39.Qd7+ Kh6 40.Qxd6 Qe1+ 41.Kg2 Qe2+ 42.Kg1 Qe1+
43.Kg2 Qe2+  1/2-1/2

[Event "EYb12"]
[Site "Herceg Novi MNE"]
[Date "2008.09.16"]
[Round "2"]
[White "Nasuta,G"]
[Black "Pusonja,N"]
[Result "1-0"]
[WhiteElo "1959"]
[BlackElo "1603"]

1.e4 c5 2.Nf3 e6 3.d4 cxd4 4.Nxd4 a6 5.Bd3 Bc5 6.Nb3 Be7 7.O-O Qc7 8.Be3 Nf6
9.Nc3 b5 10.a3 Bb7 11.f4 d6 12.Qf3 Nbd7 13.Bd4 O-O 14.g4 g6 15.Qh3 Nc5 16.Nxc5 dxc5
17.Be5 Qb6 18.Kg2 c4 19.Be2 Nxe4 20.Nxe4 Bxe4+ 21.Bf3 Bxf3+ 22.Rxf3 Rad8
23.Qxh7+  1-0

[Event "IV Geller Memorial"]
[Site "Odessa UKR"]
[Date "2008.09.16"]
[Round "8"]
[White "Sodol,G"]
[Black "Lomakin,V"]
[Result "1/2-1/2"]
[WhiteElo "2378"]
[BlackElo "2082"]

1.e4 c5 2.Nf3 e6 3.d4 cxd4 4.Nxd4 a6 5.Bd3 Nf6 6.O-O d6 7.Nc3 b5 8.a4 b4
9.Na2 Qb6 10.Be3 Qb7 11.f3 Nbd7 12.Qd2 d5 13.c3 dxe4 14.fxe4 bxc3 15.Nxc3 Bd6
16.Nf3 Qb8 17.e5 Nxe5 18.Nxe5 Bxe5 19.Bc5 Bb7 20.Rad1 Qc7 21.b4 Rd8 22.Nb5 Qc6
23.Rf2 Nd7 24.Nd6+ Bxd6 25.Be4 Bxc5 26.Bxc6 Bxf2+ 27.Kxf2 Bxc6 28.Qc3 Bd5
29.Qxg7 Ke7 30.Qg5+ Nf6 31.g3 Rhg8 32.Qf4 Rc8 33.Rc1 Ne4+ 34.Ke1 Rxc1+ 35.Qxc1 Kd7
36.Qe3 Rc8 37.Qa7+ Rc7 38.Qd4 Kd6 39.Kf1 e5 40.Qb6+ Rc6 41.Qd8+ Ke6 42.Qe8+ Kd6  1/2-1/2

[Event "EYb12"]
[Site "Herceg Novi MNE"]
[Date "2008.09.17"]
[Round "3"]
[White "Lekic,L"]
[Black "Suarez Garcia,C"]
[Result "0-1"]
[WhiteElo "1613"]
[BlackElo "1932"]

1.e4 c5 2.Nf3 e6 3.d4 cxd4 4.Nxd4 a6 5.Bd3 Qc7 6.Nc3 Nf6 7.f4 d6 8.Be3 Nbd7
9.Qf3 Be7 10.Nb3 b5 11.a3 Bb7 12.O-O O-O 13.Qh3 e5 14.f5 Nc5 15.Nxc5 dxc5
16.Nd5 Bxd5 17.exd5 c4 18.Be2 Nxd5 19.Bd2 e4 20.Kh1 Bf6 21.c3 Rfe8 22.Rad1 Rad8
23.Be3 Nxe3 24.Qxe3 Qe5 25.Qa7 Rxd1 26.Rxd1 Qxf5 27.Qxa6 h6 28.a4 bxa4 29.Bxc4 e3
30.Qxa4 Rf8 31.Rf1 Qe5 32.Re1 Bh4 33.Bxf7+ Rxf7 34.Qxh4 e2 35.Qd8+ Rf8 36.Qd3 Rf2
37.Kg1 Qf6 38.Qc4+ Kh8  0-1

[Event "4th ch-EU"]
[Site "Liverpool ENG"]
[Date "2008.09.17"]
[Round "9"]
[White "Smeets,J"]
[Black "Miezis,N"]
[Result "1/2-1/2"]
[WhiteElo "2593"]
[BlackElo "2540"]

1.e4 c5 2.Nf3 e6 3.d4 cxd4 4.Nxd4 a6 5.Bd3 Nc6 6.Nxc6 dxc6 7.Nd2 Qc7 8.Qg4 Nf6
9.Qg3 Qxg3 10.hxg3 Nd7 11.a4 Nc5 12.Be2 e5 13.f3 Be6 14.a5 Nd7 15.Bc4 Nc5
16.b4 Bxc4 17.Nxc4 Ne6 18.Rb1 f6 19.c3 Nc7 20.Be3 Nb5 21.Rb3 Rd8 22.Ke2 Be7
23.g4 O-O 24.Nb6 h6 25.Na4 Kf7 26.Rbb1 Rd7 27.Bb6 Rc8 28.Rbd1 Rxd1 29.Rxd1 Ke8
30.g3 Nd6 31.Kd3 Nf7 32.Ke3 Nd6 33.Ke2 Nf7 34.Bc5 Rd8 35.Rxd8+ Nxd8 36.f4 Bxc5
37.Nxc5 g5 38.f5 Ke7 39.Kd3 Kd6 40.Kc4 Kc7 41.Kd3 Kd6 42.Kd2 Kc7 43.Kc2 Kc8
44.Kd3 Kc7 45.Kc4 Kd6 46.Kb3 Kc7 47.Ka2 Kc8 48.Ka3 Nf7 49.Kb3 Nd6 50.Kc2 Nc4
51.Kd3 Nb2+ 52.Ke2 Nc4 53.Ne6 Kd7 54.Kd3 Nb2+ 55.Kd2 Nc4+ 56.Ke2 Nb2 57.Kd2 Nc4+
58.Kd3 Nb2+ 59.Ke2 Nc4 60.Nc5+ Kc7 61.Na4 Nd6 62.Kd3 Nc8 63.c4 Nd6 64.Nc5 Kc8
65.Na4  1/2-1/2

[Event "4th Pichay Cup"]
[Site "Manila PHI"]
[Date "2008.09.17"]
[Round "6"]
[White "Gomez,Joh"]
[Black "Roca,P"]
[Result "1-0"]
[WhiteElo "2457"]
[BlackElo "2356"]

1.e4 c5 2.Nf3 e6 3.d4 cxd4 4.Nxd4 a6 5.Bd3 Nf6 6.O-O Qc7 7.Qe2 Nc6 8.Nxc6 bxc6
9.c4 d5 10.Nd2 Bd6 11.g3 Bb7 12.b3 Be5 13.Rb1 dxe4 14.Nxe4 c5 15.Bb2 Bxb2
16.Rxb2 Qe5 17.Nxf6+ Qxf6 18.Be4 Bxe4 19.Qxe4 O-O 20.Rd2 a5 21.Qc6 Qf5 22.Rfd1 h5
23.Rd3 Rfc8 24.Qb7 Rcb8 25.Qc7 Kh7 26.Kg2 Rc8 27.Qb7 Rab8 28.Qf3 Qxf3+ 29.Kxf3 Kg6
30.Rd7 a4 31.R1d3 axb3 32.axb3 Rc6 33.Ra7 Rcb6 34.Ra3 Kf5 35.h3 g5 36.Ke3 Ke5
37.Kd2 f5 38.Kc2 g4 39.hxg4 hxg4 40.Ra5 Rc6 41.Kc3 Kf6 42.Rd2 Rb7 43.Rda2 Rh7
44.b4 cxb4+ 45.Kxb4 Rh1 46.Rc2 Rb1+ 47.Kc3 Rb8 48.c5 Ke5 49.Kc4 Ke4 50.Rc3 Ke5
51.Re3+ Kf6 52.Rb3 Rbc8 53.Rc3 Rb8 54.Rb5 Rbc8 55.Kb4 Rh8 56.Rb6 Rcc8 57.Re3 Rce8
58.c6 Rh1 59.c7 Rb1+ 60.Kc5 Rc1+ 61.Kd6 e5 62.Kd5+ Kf7 63.Rc6 Rd1+ 64.Kc4 Rc8
65.Rxe5 Rc1+ 66.Kd5 Rxc7 67.Rxf5+ Ke8 68.Rxc1 Rxc1 69.Rf4  1-0

[Event "58th ch-HUN KO"]
[Site "Nyiregyhaza HUN"]
[Date "2008.09.17"]
[Round "2.3"]
[White "Balogh,C"]
[Black "Sax,G"]
[Result "1-0"]
[WhiteElo "2624"]
[BlackElo "2506"]

1.e4 c5 2.Nf3 e6 3.d4 cxd4 4.Nxd4 a6 5.Bd3 Nf6 6.O-O d6 7.c4 Bd7 8.Nc3 Nc6
9.Nxc6 Bxc6 10.b4 Be7 11.b5 Bd7 12.a4 O-O 13.Ba3 Bc8 14.Qe2 Nd7 15.Rad1 Qc7
16.Bb4 a5 17.Ba3 b6 18.Qe3 Bb7 19.f4 Rfe8 20.Be2 Bf8 21.Rd2 Rac8 22.Rfd1 d5
23.Bxf8 Nxf8 24.e5 Ng6 25.Rd4 Ne7 26.g4 Qc5 27.Kf2 Ng6 28.Rc1 f6 29.exf6 e5
30.Rxd5 Bxd5 31.Nxd5 Nxf4 32.Qxc5 Rxc5 33.Nxb6 Rd8 34.Rd1 Rxd1 35.Bxd1 Rc7
36.fxg7 Kxg7 37.Ke3 Kf7 38.Bf3 Ke7 39.Nd5+ Nxd5+ 40.Bxd5 Kd6 41.b6 Rc8 42.g5 Rf8
43.Be4 Kc5 44.Bxh7 Rb8 45.g6 Rb7 46.Bg8 Rxb6 47.Bf7  1-0

[Event "EYg12"]
[Site "Herceg Novi MNE"]
[Date "2008.09.18"]
[Round "4"]
[White "Nevioselaya,M"]
[Black "Szente Varga,F"]
[Result "1-0"]
[WhiteElo "1919"]
[BlackElo "1704"]

1.e4 c5 2.Nf3 e6 3.d4 cxd4 4.Nxd4 a6 5.Bd3 Qc7 6.O-O Be7 7.Nc3 b5 8.a3 Bb7
9.Be3 Nf6 10.f4 d6 11.Qf3 O-O 12.f5 e5 13.Nde2 Nbd7 14.Qg3 Kh8 15.Qh4 Nb6
16.Bg5 Rfe8 17.Rf3 Nbd7 18.Rh3 Nf8 19.Bxf6 Bxf6 20.Qh5 Qe7 21.Ng3 g6 22.Qf3 Rad8
23.Rf1 Nd7 24.Nd5 Bxd5 25.exd5 Bg7 26.fxg6 fxg6 27.Bxg6 Rf8 28.Rxh7+ Kg8
29.Nf5  1-0

[Event "EYb14"]
[Site "Herceg Novi MNE"]
[Date "2008.09.18"]
[Round "4"]
[White "Wertjanz,Dav"]
[Black "Meskovs,N"]
[Result "0-1"]
[WhiteElo "2010"]
[BlackElo "2177"]

1.e4 c5 2.Nf3 e6 3.d4 cxd4 4.Nxd4 a6 5.Bd3 Bc5 6.Nb3 Be7 7.O-O Qc7 8.c4 Nf6
9.Nc3 d6 10.Qe2 Nbd7 11.f4 b6 12.Bd2 Bb7 13.Rae1 h5 14.Nd4 g6 15.b4 Rc8 16.Rc1 Qb8
17.Nf3 h4 18.Rfe1 h3 19.Nd5 exd5 20.exd5 O-O 21.Bxg6 fxg6 22.Qe6+ Rf7 23.Ng5 Rf8
24.Nxf7 Rxf7 25.Qxh3 Bc8 26.Qg3 Nf8 27.Qc3 Bf5 28.Rxe7 Nxd5 29.cxd5 Rxe7
30.Qf6 Rf7 31.Qd4 Nd7 32.Bc3 Rh7 33.h3 Qd8 34.Bb2 Qe7 35.g4 Qh4 36.gxf5 Qg3+
37.Kf1 Qxh3+ 38.Ke2 Qg2+ 39.Qf2 Re7+ 40.Be5 Qg4+ 41.Kd2 dxe5 42.fxg6 exf4
43.Rc8+ Nf8  0-1

[Event "II ROMGAZ Open"]
[Site "Bucharest ROU"]
[Date "2008.09.19"]
[Round "9"]
[White "Filippov,An UZB"]
[Black "Kurnosov,I"]
[Result "1-0"]
[WhiteElo "2531"]
[BlackElo "2617"]

1.e4 c5 2.Nf3 e6 3.d4 cxd4 4.Nxd4 a6 5.Bd3 Qb6 6.Nb3 Qc7 7.O-O Nf6 8.Qe2 d6
9.Kh1 Be7 10.f4 O-O 11.Be3 Nc6 12.a3 e5 13.f5 d5 14.exd5 Nxd5 15.Nc3 Nf6
16.Ne4 Bd7 17.c3 Nxe4 18.Bxe4 Bf6 19.Nc5 Rfe8 20.Qh5 Nd8 21.Rf3 Bc6 22.Rh3 h6
23.Rd1 b6 24.Nd7 Bxd7 25.Bxa8 Nc6 26.Bxh6 Kf8 27.Bg5 Ke7 28.Bxf6+ gxf6 29.Rhd3 Bc8
30.Qf3 Na5 31.b4 Nc4 32.Bc6 Nb2 33.Bxe8 Nxd1 34.Rxd1 Kxe8 35.Qd3 Ke7 36.c4 e4
37.Qxe4+ Kf8 38.Qd4 Kg7 39.c5 bxc5 40.Qxc5  1-0

[Event "EYg14"]
[Site "Herceg Novi MNE"]
[Date "2008.09.21"]
[Round "6"]
[White "Turkova,K"]
[Black "Eid,M"]
[Result "1/2-1/2"]
[WhiteElo "1701"]
[BlackElo "1953"]

1.e4 c5 2.Nf3 e6 3.d4 cxd4 4.Nxd4 a6 5.Bd3 Qc7 6.O-O Nf6 7.c4 d6 8.Nc3 Nbd7
9.Nf3 Be7 10.Qe2 O-O 11.h3 b6 12.Bf4 Bb7 13.Rfd1 Rac8 14.Rac1 Qb8 15.Qe3 Nc5
16.Bb1 e5 17.Bg5 Ne6 18.Bh4 Rxc4 19.Qxb6 Rc6 20.Qe3 Ba8 21.b3 Nf4 22.Ne2 Ne6
23.Ng3 Rxc1 24.Rxc1 d5 25.Nf5 Ba3 26.Rd1 Bc5 27.Qe2 Nf4 28.Qc2 Rc8 29.Bxf6 gxf6
30.exd5 Ng6 31.Qd2 Bf8 32.N3h4  1/2-1/2

[Event "EYb10"]
[Site "Herceg Novi MNE"]
[Date "2008.09.22"]
[Round "7"]
[White "Vavulin,M"]
[Black "Ali Marandi,C"]
[Result "0-1"]
[WhiteElo "1862"]
[BlackElo "1809"]

1.e4 c5 2.Nf3 e6 3.d4 cxd4 4.Nxd4 a6 5.Bd3 Nf6 6.O-O d6 7.c4 Be7 8.Nc3 O-O
9.Kh1 Nbd7 10.Qe2 Qc7 11.f4 Nc5 12.Bc2 e5 13.Nf5 Bxf5 14.exf5 Rfe8 15.Qf3 Bf8
16.b3 Rad8 17.Bb2 Qc6 18.Nd5 Ncd7 19.Rac1 Qc8 20.Qg3 Nxd5 21.cxd5 f6 22.Bd1 Qa8
23.Bh5 Re7 24.b4 b5 25.Qb3 Kh8 26.Rc6 Nb8 27.Rc2 Nd7 28.Rfc1 Nb6 29.Rc6 Nc4
30.R1xc4 bxc4 31.Qxc4 exf4 32.h3 Qa7 33.Bd4 Re1+ 34.Kh2 Qe7 35.Bf3 Rb1 36.Bf2 Qe5
37.Be4 f3+ 38.Bg3 fxg2 39.Bxg2 Qxf5 40.Rxa6 Rb2 41.Qc3 Rc2 42.Qe1 Qf3 43.Qg1 Re8
44.Rc6 Rxa2 45.Bf2 Rxf2 46.Kh1 Qg3 47.Bf1 Qxg1+ 48.Kxg1 Rb2 49.b5 Re1 50.b6 Kg8
51.b7 Rxb7 52.Kf2 Re5 53.Ba6 Rb2+ 54.Kf3 h5 55.Bc8 Rbe2 56.Be6+ Kh7 57.Rc3 Rxe6
58.dxe6 Rxe6 59.Rc6 g5 60.Rb6 Kg6  0-1

[Event "EYg12"]
[Site "Herceg Novi MNE"]
[Date "2008.09.22"]
[Round "7"]
[White "Tantsiura,M"]
[Black "Cyboran,K"]
[Result "1-0"]
[WhiteElo "1976"]
[BlackElo "1714"]

1.e4 c5 2.Nf3 e6 3.d4 cxd4 4.Nxd4 a6 5.Bd3 b5 6.O-O Bb7 7.Be3 Nf6 8.Nd2 Qc7
9.a4 b4 10.c3 d5 11.cxb4 dxe4 12.Rc1 Qd7 13.Bb1 Bxb4 14.Nc4 Nd5 15.Qg4 f5
16.Qg3 O-O 17.Ne5 Qe7 18.Bg5 Qe8 19.Bh6 Qe7 20.Nxe6 f4 21.Qxg7+ Qxg7 22.Bxg7 Re8
23.Nc7 Nxc7 24.Rxc7 Bd5 25.Rd1 Bd6 26.Ng4 Re7 27.Rxe7 Bxe7 28.Rxd5 Kxg7 29.Bxe4 Ra7
30.Rh5 Rc7 31.Rxh7+ Kf8 32.Kf1 Nd7 33.Bg6 Nf6 34.Rf7+ Ke8 35.Nxf6+ Kd8 36.Nd5  1-0

[Event "EYb12"]
[Site "Herceg Novi MNE"]
[Date "2008.09.23"]
[Round "8"]
[White "Tzouganakis,P"]
[Black "Shurunov,A"]
[Result "1-0"]
[WhiteElo "1927"]
[BlackElo "2127"]

1.e4 c5 2.Nf3 e6 3.d4 cxd4 4.Nxd4 a6 5.Bd3 Qc7 6.O-O Nf6 7.Qe2 Nc6 8.Nxc6 dxc6
9.e5 Nd7 10.f4 b5 11.Be3 Bb7 12.Nd2 Be7 13.Rad1 Nc5 14.Ne4 Nxe4 15.Bxe4 c5
16.Bxb7 Qxb7 17.f5 exf5 18.Qf2 O-O 19.Qxf5 Qc6 20.Rd7 g6 21.Qh3 Rfe8 22.Bg5 c4
23.Kh1 Qc5 24.Qf3 f5 25.Bxe7 Qxe5 26.Bb4 Qe3 27.Qd5+ Qe6 28.Qb7  1-0

[Event "EYb12"]
[Site "Herceg Novi MNE"]
[Date "2008.09.23"]
[Round "8"]
[White "Lampert,J"]
[Black "Lekic,L"]
[Result "1/2-1/2"]
[WhiteElo "1791"]
[BlackElo "1613"]

1.e4 c5 2.Nf3 e6 3.d4 cxd4 4.Nxd4 a6 5.Bd3 Bc5 6.Nb3 Be7 7.Qg4 g6 8.Qe2 d6
9.a4 Nd7 10.a5 Qc7 11.Be3 Nc5 12.N1d2 Bd7 13.Nc4 Nf6 14.Nb6 Rb8 15.Nd2 O-O
16.O-O Bc6 17.Bxc5 dxc5 18.Ndc4 Bb5 19.Rfd1 Rfd8 20.c3 Nd7 21.Nxd7 Rxd7 22.Nb6 Rxd3
23.Rxd3 Bxd3 24.Qxd3 Rd8 25.Qe2 Qe5 26.f3 Qd6  1/2-1/2

[Event "EYb18"]
[Site "Herceg Novi MNE"]
[Date "2008.09.23"]
[Round "8"]
[White "Blomqvist,E"]
[Black "Hayrapetian,O"]
[Result "1-0"]
[WhiteElo "2322"]
[BlackElo "2367"]

1.e4 c5 2.Nf3 e6 3.d4 cxd4 4.Nxd4 a6 5.Bd3 Nf6 6.O-O Qc7 7.Qe2 d6 8.c4 Nc6
9.Nxc6 bxc6 10.Nc3 Be7 11.f4 Nd7 12.Be3 Bf6 13.Rad1 Rb8 14.Bb1 Bxc3 15.bxc3 c5
16.e5 dxe5 17.fxe5 O-O 18.Bg5 Qxe5 19.Qxe5 Nxe5 20.Be7 Nxc4 21.Bxf8 Kxf8
22.Bxh7 Ke7 23.Rb1 Ra8 24.Be4 Ra7 25.Rfd1 Nd6 26.Bf3 Nb5 27.Rd3 e5 28.Rb2 Be6
29.a4 Nd6 30.Rb6 Nc4 31.Rb8 Nd6 32.Bd5 e4 33.Rd1 Bd7 34.a5 f5 35.g3 g5 36.h4 gxh4
37.gxh4 Ba4 38.Ra1 Bb5 39.Rb6 Rd7 40.Kf2 Kf6 41.c4 Ke5 42.cxb5 Nxb5 43.Bc4 Nd4
44.Rxa6 Kf4 45.Rb6 e3+ 46.Kf1 Nc2 47.Rc1 Rd2 48.Be2 Nd4 49.Re1 Ra2 50.a6 Nc2
51.Reb1 Nd4 52.R6b2 Ra4 53.h5 Ne6 54.Rc1 Kg3 55.Bc4 Nd4 56.h6 e2+ 57.Bxe2 Nxe2
58.Rxe2 Rxa6 59.Rg2+  1-0